|
|
|
|
| LEADER |
01705nam a2200337 a 4500 |
| 001 |
GR-Patra13624 |
| 008 |
000919s gr e b 000 0 gre d |
| 040 |
|
|
|a GrPaTEI
|b gre
|c GR-PaULI
|
| 040 |
|
|
|a GrPaTEI
|b gre
|c GR-PaULI
|
| 245 |
0 |
0 |
|a Οικογενειακός προγραμματισμός. Αντισύλληψη- αμβλώσεις /
|c Μετέχοντες σπουδαστές: Μποιδανίδου Τριάδα, Σταθοπούλου Ιωάννα, Τσιούφη Θεανώ ; Υπεύθυνος καθηγητής: Αθανασία Στρατίκη- Πανταζάκα.
|
| 260 |
|
|
|a Πάτρα :
|b ΤΕΙ Πάτρας
|
| 300 |
|
|
|a 89σ.
|
| 504 |
|
|
|a Περιλαμβάνει βιβλιογραφία.
|
| 650 |
|
4 |
|a ΑΜΒΛΩΣΕΙΣ
|
| 650 |
|
4 |
|a ΑΝΤΙΣΥΛΛΗΨΗ
|
| 650 |
|
4 |
|a Γεννήσεις, έλεγχος των
|
| 650 |
|
4 |
|a ΚΟΙΝΩΝΙΚΟΣ ΛΕΙΤΟΥΡΓΟΣ
|
| 650 |
|
4 |
|a ΝΟΜΟΘΕΣΙΑ
|
| 650 |
|
4 |
|a ΠΡΟΤΑΣΕΙΣ
|
| 650 |
|
4 |
|a Πτυχιακή εργασία
|
| 700 |
1 |
|
|a ΜΠΟΙΔΑΝΙΔΟΥ, ΤΡΙΑΔΑ
|
| 700 |
1 |
|
|a ΣΤΑΘΟΠΟΥΛΟΥ, ΙΩΑΝΝΑ
|
| 700 |
1 |
|
|a Στρατίκη-Πανταζάκα, Αθανασία,
|c Εισηγήτρια
|
| 700 |
1 |
|
|a ΤΣΙΟΥΦΗ, ΘΕΑΝΩ
|
| 710 |
0 |
|
|a Σ.Ε.Υ.Π..
|b Τμήμα Κοινωνικής Εργασίας
|
| 710 |
0 |
|
|a ΤΕΙ Πάτρας
|
| 856 |
4 |
0 |
|u https://nereus.library.upatras.gr/formerpat/ptyxiakes/seyp/seyp_ke/x.x/3103pe.pdf
|
| 942 |
|
|
|2 ddc
|
| 952 |
|
|
|0 0
|1 0
|2 ddc
|4 0
|7 1
|9 292663
|a LISK
|b LISK
|c BSC
|d 2021-01-17
|e 24
|f 0
|g 0.00
|l 0
|p 9241003103
|r 2021-01-17 00:00:00
|t 1
|w 2021-01-17
|y BKN
|x 20000919 0 0
|x GrPaTEI
|
| 971 |
|
|
|a .b26611399
|b 16-04-20
|c 23-09-16
|
| 999 |
|
|
|c 171057
|d 171057
|